| 000 | 00374nam a2200145Ia 4500 | ||
|---|---|---|---|
| 008 | 240624s9999 xx 000 0 und d | ||
| 041 | _aeng | ||
| 082 | _a658.8 WOO | ||
| 100 | _aWOOD MARIAN BRUK | ||
| 245 | _aESSENTIAL GUIDE TO MARKETING PLANNING | ||
| 250 | _a(3rd ed.) | ||
| 260 |
_c2014 _aNew Delhi _bPearson |
||
| 300 | _axxi, : 299 : p. : cm. ; 24 | ||
| 365 |
_cRS _b33 |
||
| 999 |
_c24545 _d24545 |
||